=LDR 00000nam 2200000 4500 =001 INLIS000000000014951 =005 20130612110232 =008 ***********************************Ind** =035 ##$$0010-061300000014951 =041 ##$$a Ind =082 ##$$a 639.31 =090 ##$$a 639.31, Sit b =100 ##$$a Sitanggang, M =245 ##$$a Budidaya Guram, M. Sitanggana =260 ##$$a 1995 $b Jakarta =300 ##$$a 52, Hlm, Ilus, 21 Cm =650 ##$$a Gurami Budidaya =850 ##$$a NBPNMAT